30 cidades mais populosas do Rio Grande do Norte - Statistics

Estatísticas Gerais
  • Esse quiz foi jogado 235 vezes
  • A pontuação média é 16 de 30
Estatísticas das Respostas
Nº de Habitantes Letra Inicial Cidade % Correto
869 954 N Natal
100%
288 162 M Mossoró
97%
242 384 P Parnamirim
94%
67 259 C Caicó
76%
78 021 M Macaíba
72%
72 878 C Ceará-Mirim
71%
98 260 S São Gonçalo do Amarante
71%
44 887 C Currais Novos
70%
57 292 A Assu
62%
38 924 S Santa Cruz
61%
36 189 A Apodi
55%
31 318 M Macau
55%
27 525 E Extremoz
54%
29 954 P Pau dos Ferros
53%
33 506 T Touros
53%
25 292 G Goianinha
47%
26 606 N Nísia Floresta
47%
34 585 J João Câmara
44%
27 356 A Areia Branca
43%
18 450 J Jucurutu
43%
37 395 N Nova Cruz
43%
23 274 S São Miguel
42%
43 191 S São José de Mipibu
41%
27 238 B Baraúna
39%
33 623 C Canguaretama
39%
20 564 C Caraúbas
36%
21 483 P Parelhas
33%
22 155 M Monte Alegre
24%
23 865 S Santo Antônio
24%
17 239 S São Pedro do Potengi
7%
Nenhum quiz correspondente encontrado
Distribuição das Pontuações
Porcentagem de Pessoas com Cada Pontuação
Percentil de Números Respondidos
Sua Pontuação Histórica
Você não jogou esse quiz